Inflation falls (Record no. 74567)
[ view plain ]
| 000 -LEADER | |
|---|---|
| fixed length control field | 01147cab a2200217 4500 |
| 001 - CONTROL NUMBER | |
| control field | WB24039-04 |
| 008 - FIXED-LENGTH DATA ELEMENTS--GENERAL INFORMATION | |
| fixed length control field | 041013n2004 000 0 eng u |
| 035 ## - SYSTEM CONTROL NUMBER | |
| System control number | (Sirsi) u127679 |
| 245 ## - TITLE STATEMENT | |
| Title | Inflation falls |
| 260 ## - PUBLICATION, DISTRIBUTION, ETC. | |
| Date of publication, distribution, etc. | 2004 |
| 490 ## - SERIES STATEMENT | |
| Series statement | National Statistics Press Release |
| Volume/sequential designation | 13 October 2004 (2) |
| 520 ## - SUMMARY, ETC. | |
| Summary, etc. | The latest figures from the Office for National Statistics show that CPI inflation fell to 1.1% in September 2004, down from 1.3% in the previous month. The fall in inflation was driven partly by reductions in the cost of transport services and partly from increases in the price of foreign holidays and furniture. Mortgage interest payments also increased in September, as lenders reacted to August's quarter percentage point increase in base rates. This helped to limit the reduction to RPI inflation, which fell to 3.1% in September 2004 from 3.2% in August. http://www.statistics.gov.uk/cci/nugget.asp?id=19 |
| 590 ## - LOCAL NOTE (RLIN) | |
| Local note | WB |
| 650 ## - SUBJECT ADDED ENTRY--TOPICAL TERM | |
| Topical term or geographic name entry element | INFLATION |
| 650 ## - SUBJECT ADDED ENTRY--TOPICAL TERM | |
| Topical term or geographic name entry element | ECONOMY |
| 650 ## - SUBJECT ADDED ENTRY--TOPICAL TERM | |
| Topical term or geographic name entry element | MORTGAGE INTEREST RATES |
| 650 ## - SUBJECT ADDED ENTRY--TOPICAL TERM | |
| Topical term or geographic name entry element | RETAIL PRICE INDEX |
| 650 ## - SUBJECT ADDED ENTRY--TOPICAL TERM | |
| Topical term or geographic name entry element | CONSUMER PRICES INDEX |
| 690 ## - LOCAL SUBJECT ADDED ENTRY--TOPICAL TERM (OCLC, RLIN) | |
| Topical term or geographic name as entry element | ECONOMIC ISSUES |
| 942 ## - ADDED ENTRY ELEMENTS (KOHA) | |
| Suppress in OPAC | 0 |
| Withdrawn status | Lost status | Source of classification or shelving scheme | Damaged status | Not for loan | Home library | Current library | Shelving location | Date acquired | Total Checkouts | Full call number | Barcode | Date last seen | Copy number | Price effective from | Koha item type |
|---|---|---|---|---|---|---|---|---|---|---|---|---|---|---|---|
| Dewey Decimal Classification | London | London | News article | 13/10/2004 | WB4039-04 | 127679-1001 | 06/08/2019 | 1 | 06/08/2019 | News article |